000 00815cab a2200241 4500
001 X94305
008 090401t1998 xxu||||| |||| 00| 0 eng d
035 _a(Sirsi) u88918
041 _aeng
245 _aStanton v Brian F Callaghan & Associates
260 _c1998
350 _a0
490 _aConstruction Industry Law Letter
_v[1998] CILL 1409-1412(4)
520 _aCA 8 July 1998. Whether liability can arise for concessions made in the course of preparing a joint statement of experts. Immunity from suit of an expert witness. Taken from report header.
650 _aEVIDENCE
650 _aEXPERT WITNESSES
650 _aNEGLIGENCE
650 _aSTANTON V BRIAN F CALLAGHAN & ASSOCIATES
650 _aSUBSIDENCE
690 _aPROFESSIONAL PRACTICE-CASE LAW
942 _n0
948 _c12/10/1998
999 _c56230
_d56230